| 000 | 01259aab a2200205 i 4500 | ||
|---|---|---|---|
| 001 | 768714001 | ||
| 003 | CO-MdFUSB | ||
| 005 | 20240424145810.0 | ||
| 008 | 220822t2004 ||||| |||| 00| 0 spa d | ||
| 040 |
_bspa _cCO-MdFUSB |
||
| 041 | _aspa | ||
| 100 | 1 |
_aSegura C., Harold _eautor |
|
| 245 | 1 | 0 |
_aLiderazgo, a la manera de Jesús _c/ Harold Segura C. |
| 300 |
_aVolumen 21, número 4 (julio - septiembre, 2004), páginas: 36 - 42 _c; 27 cm |
||
| 520 | _aEs muy fácil convertir a Jesús en una copia de los modelos actuales de liderazgo. Un modelo bíblico requiere que dejemos "hablar" a los cuatro evangelios. Jesús adoptó un estilo de liderazgo de bajo perfil. Jesús asumió un compromiso con la totalidad de la realidad que afecta al ser humano. Jesús escogió ser vulnerable al ponerse a la par de gente que estaba formando. Jesús buscó la forma de libertar a la gente por medio del amor, rechazando los modelos de poder de la época. | ||
| 650 | 0 |
_92014 _aLiderazgo |
|
| 773 | 0 |
_tApuntes Pastorales _049442 _960142 _gVolumen 21, número 4 (julio - septiembre, 2004), páginas: 36 - 42 _qpágina: 36 |
|
| 773 | 0 |
_tApuntes Pastorales _049442 _960188 _gVolumen 21, número 4 (julio - septiembre, 2004), páginas: 36 - 42 _qpágina: 36 |
|
| 942 | _cANA | ||
| 999 |
_c60482 _d60482 |
||